Top 6 Tiers of English Football - Statistics

General Stats
  • This quiz has been taken 154 times
  • The average score is 107 of 164
Answer Stats
Answer % Correct
Manchester City
98%
Bournemouth
94%
Brighton & Hove Albion
94%
Crystal Palace
94%
Leicester City
94%
Liverpool
94%
Luton Town
94%
Manchester United
94%
Newcastle United
94%
Tottenham Hotspur
94%
Wolverhampton Wanderers
94%
Arsenal
92%
Aston Villa
92%
Burnley
92%
Chelsea
92%
Everton
92%
Stoke City
92%
Sunderland
92%
West Ham United
92%
Derby County
90%
Fulham
90%
Ipswich Town
90%
Middlesbrough
90%
Norwich City
90%
Nottingham Forest
90%
Sheffield United
90%
Sheffield Wednesday
90%
Southampton
90%
West Bromwich Albion
90%
Birmingham City
88%
Blackburn Rovers
88%
Bolton Wanderers
88%
Brentford
88%
Cardiff City
88%
Leeds United
88%
Portsmouth
88%
Queens Park Rangers
88%
Reading
88%
Swansea City
88%
Wrexham
88%
Hull City
85%
Preston North End
85%
Blackpool
83%
Bristol City
83%
Cambridge United
83%
Carlisle United
83%
Grimsby Town
83%
Plymouth Argyle
83%
Salford City
83%
Accrington Stanley
81%
Barnsley
81%
Bristol Rovers
81%
Coventry City
81%
Gillingham
81%
Millwall
81%
Milton Keynes Dons
81%
Watford
81%
York City
81%
AFC Wimbledon
79%
Cheltenham Town
79%
Huddersfield Town
79%
Notts County
79%
Wigan Athletic
79%
Bradford City
77%
Burton Albion
77%
Colchester United
77%
Newport County
77%
Oldham Athletic
77%
Swindon Town
77%
Charlton Athletic
75%
Chester
75%
Doncaster Rovers
75%
Lincoln City
75%
Stockport County
75%
Wycombe Wanderers
75%
Chesterfield
73%
Crewe Alexandra
73%
Exeter City
73%
Northampton Town
73%
Rotherham United
73%
Scunthorpe United
73%
Crawley Town
71%
Shrewsbury Town
71%
Southend United
71%
Fleetwood Town
69%
Mansfield Town
69%
Oxford United
69%
Walsall
69%
Yeovil Town
69%
Hartlepool United
67%
Bromley
65%
Morecambe
65%
Oxford City
65%
Port Vale
65%
Torquay United
65%
Barrow
63%
Forest Green Rovers
63%
Harrogate Town
63%
Rochdale
63%
Tranmere Rovers
63%
Woking
63%
Gateshead
60%
Stevenage
60%
Dagenham & Redbridge
58%
Leyton Orient
58%
Bath City
56%
Darlington
56%
Aldershot Town
54%
Boston United
54%
Chelmsford City
54%
Kidderminster Harriers
54%
Maidstone United
54%
Peterborough United
54%
Sutton United
54%
Barnet
52%
Dorking Wanderers
52%
Hereford
52%
Solihull Moors
50%
Southport
50%
Chorley
48%
Dover Athletic
48%
Scarborough Athletic
48%
FC Halifax Town
46%
Gloucester City
46%
King's Lynn Town
46%
Maidenhead United
46%
Truro City
46%
AFC Fylde
44%
Altrincham
44%
Slough Town
44%
Ebbsfleet United
42%
Braintree Town
40%
Taunton Town
40%
Blyth Spartans
38%
Eastleigh
38%
Farnborough
38%
Peterborough Sports
38%
Spennymoor Town
38%
Wealdstone
38%
Weymouth
38%
Boreham Wood
35%
Buxton
35%
Dartford
35%
St Albans City
35%
Eastbourne Borough
33%
Farsley Celtic
33%
Welling United
33%
Havant & Waterlooville
31%
Worthing
31%
Banbury United
29%
Curzon Ashton
29%
Tamworth
29%
Weston-super-Mare
29%
Alfreton Town
27%
Brackley Town
27%
Tonbridge Angels
27%
South Shields
25%
Chippenham Town
23%
Hampton & Richmond Borough
23%
Hemel Hempstead Town
23%
Warrington Town
23%
Aveley
19%
Bishop's Stortford
15%
Rushall Olympic
13%
No matching quizzes found
Score Distribution
Percent of People with Each Score
Percentile by Number Answered
Your Score History
You have not taken this quiz